| 000 | 00608nam a2200181 i 4500 | ||
|---|---|---|---|
| 001 | 113498 | ||
| 003 | ES-MaACL | ||
| 005 | 20230906185920.0 | ||
| 007 | t| | ||
| 008 | 061121s1970 sp r ||||1| spa d | ||
| 100 | 1 |
_aPaladio _cObispo de Aspuna. _988449 |
|
| 245 | 1 | 3 |
_aEl mundo de los Padres del desierto _b: (la historia lausíaca) / _cPaladio ; versión, introducción y notas de León E. Sansegundo Valls. |
| 260 |
_aMadrid : _bStudium, _c1970. |
||
| 300 |
_a275 p. ; _c18 cm. |
||
| 650 | 0 | 4 |
_aMonacato- _yS.I-V. _915140 |
| 700 | 1 |
_aSansegundo, León E. _9103217 |
|
| 852 |
_aES-MaACL _jC-49137 _bR.74224 |
||
| 999 |
_c113498 _d113498 |
||